Fundamentals of corporate finance / (Record no. 3020)
[ view plain ]
| 000 -LEADER | |
|---|---|
| fixed length control field | nam a22 a 4500 |
| 003 - CONTROL NUMBER IDENTIFIER | |
| control field | AKMAL |
| 005 - DATE AND TIME OF LATEST TRANSACTION | |
| control field | 20170519091057.0 |
| 008 - FIXED-LENGTH DATA ELEMENTS--GENERAL INFORMATION | |
| fixed length control field | 170519s1991 -us 00 eng d |
| 020 ## - INTERNATIONAL STANDARD BOOK NUMBER | |
| International Standard Book Number | 0256079323 |
| 040 ## - CATALOGING SOURCE | |
| Original cataloging agency | AKMAL |
| Transcribing agency | AKMAL |
| 082 04 - DEWEY DECIMAL CLASSIFICATION NUMBER | |
| Classification number | 658.15 ROS |
| 090 ## - LOCALLY ASSIGNED LC-TYPE CALL NUMBER (OCLC); LOCAL CALL NUMBER (RLIN) | |
| Classification number (OCLC) (R) ; Classification number, CALL (RLIN) (NR) | 658.15 |
| Local cutter number (OCLC) ; Book number/undivided call number, CALL (RLIN) | ROS |
| 100 1# - MAIN ENTRY--PERSONAL NAME | |
| Personal name | Ross, Stephen A. |
| 9 (RLIN) | 6302 |
| 245 10 - TITLE STATEMENT | |
| Title | Fundamentals of corporate finance / |
| Statement of responsibility, etc. | Stephen A. Ross, Randolph W. Westerfield, Bradford D. Jordan |
| 260 ## - PUBLICATION, DISTRIBUTION, ETC. | |
| Place of publication, distribution, etc. | Homewood : |
| Name of publisher, distributor, etc. | Richard D. Irwin Inc., |
| Date of publication, distribution, etc. | 1991 |
| 300 ## - PHYSICAL DESCRIPTION | |
| Extent | xxvi, 758 p. : |
| Other physical details | ill. ; |
| Dimensions | 26 cm. |
| 504 ## - BIBLIOGRAPHY, ETC. NOTE | |
| Bibliography, etc. note | Includes bibliographical references and index |
| 650 ## - SUBJECT ADDED ENTRY--TOPICAL TERM | |
| Topical term or geographic name entry element | Corporations |
| General subdivision | Finance |
| 9 (RLIN) | 6090 |
| 650 ## - SUBJECT ADDED ENTRY--TOPICAL TERM | |
| Topical term or geographic name entry element | Financial stements |
| 9 (RLIN) | 6303 |
| 700 1# - ADDED ENTRY--PERSONAL NAME | |
| Personal name | Westerfield, Randolph W. |
| 9 (RLIN) | 6304 |
| 700 1# - ADDED ENTRY--PERSONAL NAME | |
| Personal name | Jordan, Bradford D. |
| 9 (RLIN) | 6305 |
| 942 ## - ADDED ENTRY ELEMENTS (KOHA) | |
| Source of classification or shelving scheme | |
| Koha item type | Book |
| Withdrawn status | Lost status | Source of classification or shelving scheme | Damaged status | Not for loan | Collection code | Home library | Current library | Shelving location | Date acquired | Inventory number | Total Checkouts | Full call number | Barcode | Date last seen | Price effective from | Koha item type |
|---|---|---|---|---|---|---|---|---|---|---|---|---|---|---|---|---|
| NON-FICTION | AKMAL Melaka | AKMAL Melaka | PINJAMAN | 19.05.2017 | 601380 | 658.15 ROS | 201703856 | 19.05.2017 | 19.05.2017 | Book |
